Statistiques concernant Cliquez pour assembler les drapeaux #1

Cliquez ici pour prendre le quiz!

Statistiques générales

  • Ce quiz a été pris 2 442 fois
  • Le résultat moyen est 14 sur 25

Statistiques - réponses

HintRéponse% Correct
89%
87%
69%
68%
66%
63%
62%
61%
58%
57%
57%
56%
56%
54%
54%
53%
51%
51%
48%
46%
42%
41%
39%
39%
38%

Distribution des résultats

Percentile par nombre de réponses

% des personnes avec chaque résultat

Votre développement - résultats

Vous n’avez pas pris ce quiz